Southville International School and Colleges
Your cart is empty.
  • Cart
  • Lists
    Public lists Eva Luna New books Lux_list list_1
    Your lists Log in to create your own lists
  • Log in to your account
  • Your cookies
  • Search history
Southville International School and Colleges
  • Advanced search
  • Recent comments
  • Most popular
  • Libraries

Log in to your account

Log in with GOOGLE


If you do not have an external account, but do have a local account, you can still log in:

  1. Home
  2. MARC view: Webster's pocket computer dictionary of the english language /
Normal view MARC view ISBD view

Webster's pocket computer dictionary of the english language / (Record no. 288863)

[ view plain ]
MARC details
000 -LEADER
fixed length control field 00476nam a22001697a 4500
003 - CONTROL NUMBER IDENTIFIER
control field PILC
005 - DATE AND TIME OF LATEST TRANSACTION
control field 20151015093538.0
008 - FIXED-LENGTH DATA ELEMENTS--GENERAL INFORMATION
fixed length control field 151015b xxu||||| |||| 00| 0 eng d
020 ## - INTERNATIONAL STANDARD BOOK NUMBER
International Standard Book Number 1888777214
020 ## - INTERNATIONAL STANDARD BOOK NUMBER
International Standard Book Number 1888777311
020 ## - INTERNATIONAL STANDARD BOOK NUMBER
International Standard Book Number 1888777397
050 ## - LIBRARY OF CONGRESS CALL NUMBER
Classification number PE 1628
Item number .N532 1997
245 ## - TITLE STATEMENT
Title Webster's pocket computer dictionary of the english language /
260 ## - PUBLICATION, DISTRIBUTION, ETC. (IMPRINT)
Place of publication, distribution, etc USA :
Name of publisher, distributor, etc Trident Press International,
Date of publication, distribution, etc 1997.
300 ## - PHYSICAL DESCRIPTION
Extent 317 pages ;
Dimensions 19 cm.
942 ## - ADDED ENTRY ELEMENTS (KOHA)
Source of classification or shelving scheme Library of Congress Classification
Koha item type Books
Call number prefix Foreign
Holdings
Withdrawn status Lost status Source of classification or shelving scheme Damaged status Home library Current library Shelving location Date acquired Source of acquisition Sub Shelving location Total Checkouts Full call number Barcode Date last seen Price effective from Koha item type
    Library of Congress Classification   College Library College Library Reference Section 10/15/2015 Donation     PE 1628 .N532 1997 C20200 05/15/2018 10/15/2015 Books

Webster's pocket computer dictionary of the english language /

APA

(1997). Webster's pocket computer dictionary of the english language. USA: Trident Press International.

Chicago

1997. Webster's pocket computer dictionary of the english language. USA: Trident Press International.

Harvard

(1997). Webster's pocket computer dictionary of the english language. USA: Trident Press International.

MLA

Webster's pocket computer dictionary of the english language. USA: Trident Press International. 1997.

  • Place hold
  • Print
  • Cite
  • Add to your cart (remove)
  • Save record
    BIBTEX Dublin Core MARCXML MARC (non-Unicode/MARC-8) MARC (Unicode/UTF-8) MARC (Unicode/UTF-8, Standard) MODS (XML) RIS
  • More searches
    Search for this title in:
    Other Libraries (WorldCat) Other Databases (Google Scholar) Online Stores (Bookfinder.com) Open Library (openlibrary.org)

Exporting to Dublin Core...

SOUTHVILLE LIBRARY

Southville International School and Colleges Library

1281 Tropical Ave. Cor. Luxembourg St., BF Homes International, Las Pinas City

Tel. No. 8256374 / 252358 Loc. 117/146

Powered by Koha